Normal view
MARC view
- Pengelly, Alan Davis, Rob Norris, Mark
Entry Personal Name
001 - CONTROL NUMBER
- control field: 80563
003 - CONTROL NUMBER IDENTIFIER
- control field: NUST
005 - DATE AND TIME OF LATEST TRANSACTION
- control field: 20210628210705.0
008 - FIXED-LENGTH DATA ELEMENTS
- fixed length control field: 210628|| aca||aabn | a|a d
040 ## - CATALOGING SOURCE
- Original cataloging agency: NUST
- Transcribing agency: NUST
100 ## - HEADING--PERSONAL NAME
- Personal name: Pengelly, Alan Davis, Rob Norris, Mark
670 ## - SOURCE DATA FOUND
- Source citation: Work cat.: (NUST): Pengelly, Alan Davis, Rob Norris, Mark, Component-based network system engineering, 2000
